Statistiques concernant Culture Générale - Série 1340

Cliquez ici pour prendre le quiz!

Statistiques générales

  • Ce quiz a été pris 55 fois
  • Le résultat moyen est 5 sur 10

Statistiques - réponses

QuestionRéponse% Correct
Quel appareil métallique, inventé par Benjamin Franklin, installe-t-on sur le toit des maisons pour les protéger de la foudre ?paratonnerre
96%
A New York, quelle célèbre avenue est au centre de la création théâtrale ?Broadway
66%
En 1980, quel rocker français connaît le succès avec le tube "Gaby, Oh Gaby" ?Alain Bashung
66%
Quel écrivain français est l'auteur du roman "Le Ventre de Paris", publié en 1873 ?Émile Zola
64%
Dans quel sport olympique Christophe Tiozzo s'est-il illustré ?boxe
60%
Quelle joueuse de tennis, prénommée Martina, remporte le tournoi de Wimbledon, en juillet 1990 ?Martina Navratilova
58%
En 1966, qui est l'auteur de la chanson "La Gadoue", interprétée par Petula Clark ?Serge Gainsbourg
57%
A quel "oiseau à la grise robe" est dédié le poème de Benoît Poelvoorde, dans le film "C'est arrivé près de chez vous" ?pigeon
43%
Dans une série télé culte tournée entre 1967 et 1975, quel héros Mike Connors incarnait-il ?Joe Mannix
17%
Quel chanteur français compose la musique de "Mon vieux", interprété par Daniel Guichard en 1974 ?Jean Ferrat
8%

Distribution des résultats

Percentile par nombre de réponses

% des personnes avec chaque résultat

Votre développement - résultats

Vous n’avez pas pris ce quiz